Riconosci lo Stato - Quiz n°147 - Statistics

Statistiche generali
  • Questo quiz è stato fatto 28 volte
  • Il punteggio medio è 11 su 12
Statistiche sulle risposte
Indizio Risposta % Corretto
Valuta Dollaro
100%
Fuso Orario UTC-5 UTC-6 alle Galápagos
100%
Popolazione 18.000.388 ab.
96%
Superficie 256.370 km²
96%
Indipendenza dalla Spagna il 24 maggio 1822
96%
Presidente della Repubblica Daniel Noboa
96%
ISU 0,759
92%
PIL (nominale) 104 480 milioni di $
92%
Iniziale della Capitale Q
92%
Forma di Governo Repubblica presidenziale
92%
Tasso di crescita 1,46%
88%
Risposta Ecuador
88%
Nessun quiz corrispondente trovato
Distribuzione punteggi
Percentuale di utenti per punteggio
Percentile per numero di risposta
I tuoi punteggi nel tempo
Non hai fatto questo quiz